<?xml version="1.0" encoding="UTF-8"?>
<record
    xmlns:xsi="http://www.w3.org/2001/XMLSchema-instance"
    xsi:schemaLocation="http://www.loc.gov/MARC21/slim http://www.loc.gov/standards/marcxml/schema/MARC21slim.xsd"
    xmlns="http://www.loc.gov/MARC21/slim">

  <leader>00513nam a2200181   4500</leader>
  <controlfield tag="003">SEACOMEC</controlfield>
  <controlfield tag="005">20240722152900.0</controlfield>
  <controlfield tag="008">240722b        |||||||| |||| 00| 0 eng d</controlfield>
  <datafield tag="020" ind1=" " ind2=" ">
    <subfield code="a">9788121904131</subfield>
    <subfield code="c">300.00</subfield>
  </datafield>
  <datafield tag="040" ind1=" " ind2=" ">
    <subfield code="a">SEACOMEC</subfield>
  </datafield>
  <datafield tag="082" ind1=" " ind2=" ">
    <subfield code="a">539.7</subfield>
    <subfield code="b">G427</subfield>
  </datafield>
  <datafield tag="100" ind1=" " ind2=" ">
    <subfield code="a">Ghoshal, S.N</subfield>
  </datafield>
  <datafield tag="245" ind1=" " ind2=" ">
    <subfield code="a">Nuclear Physics</subfield>
    <subfield code="c">/ S.N. Ghoshal</subfield>
  </datafield>
  <datafield tag="260" ind1=" " ind2=" ">
    <subfield code="a">New Delhi </subfield>
    <subfield code="b">: S Chand and Company Limited,</subfield>
    <subfield code="c">2006</subfield>
  </datafield>
  <datafield tag="300" ind1=" " ind2=" ">
    <subfield code="a"> xvi, 845p</subfield>
  </datafield>
  <datafield tag="650" ind1=" " ind2=" ">
    <subfield code="a">Nuclear physics Nuclear physics -- Study and teaching-India</subfield>
  </datafield>
  <datafield tag="942" ind1=" " ind2=" ">
    <subfield code="c">BOOK</subfield>
  </datafield>
  <datafield tag="952" ind1=" " ind2=" ">
    <subfield code="0">0</subfield>
    <subfield code="1">0</subfield>
    <subfield code="2">ddc</subfield>
    <subfield code="4">0</subfield>
    <subfield code="7">0</subfield>
    <subfield code="a">SEACOMEC</subfield>
    <subfield code="b">SEACOMEC</subfield>
    <subfield code="d">2007-03-06</subfield>
    <subfield code="l">0</subfield>
    <subfield code="o">539.7 G427</subfield>
    <subfield code="p">6216</subfield>
    <subfield code="r">2024-07-22 15:29:50</subfield>
    <subfield code="w">2024-07-22</subfield>
    <subfield code="y">BOOK</subfield>
  </datafield>
  <datafield tag="952" ind1=" " ind2=" ">
    <subfield code="0">0</subfield>
    <subfield code="1">0</subfield>
    <subfield code="2">ddc</subfield>
    <subfield code="4">0</subfield>
    <subfield code="7">0</subfield>
    <subfield code="a">SEACOMEC</subfield>
    <subfield code="b">SEACOMEC</subfield>
    <subfield code="d">2007-03-06</subfield>
    <subfield code="l">0</subfield>
    <subfield code="o">539.7 G427</subfield>
    <subfield code="p">6217</subfield>
    <subfield code="r">2024-07-22 15:29:50</subfield>
    <subfield code="t">1</subfield>
    <subfield code="w">2024-07-22</subfield>
    <subfield code="y">BOOK</subfield>
  </datafield>
  <datafield tag="952" ind1=" " ind2=" ">
    <subfield code="0">0</subfield>
    <subfield code="1">0</subfield>
    <subfield code="2">ddc</subfield>
    <subfield code="4">0</subfield>
    <subfield code="7">0</subfield>
    <subfield code="a">SEACOMEC</subfield>
    <subfield code="b">SEACOMEC</subfield>
    <subfield code="d">2007-03-06</subfield>
    <subfield code="l">0</subfield>
    <subfield code="o">539.7 G427</subfield>
    <subfield code="p">6218</subfield>
    <subfield code="r">2024-07-22 15:29:50</subfield>
    <subfield code="t">2</subfield>
    <subfield code="w">2024-07-22</subfield>
    <subfield code="y">BOOK</subfield>
  </datafield>
  <datafield tag="952" ind1=" " ind2=" ">
    <subfield code="0">0</subfield>
    <subfield code="1">0</subfield>
    <subfield code="2">ddc</subfield>
    <subfield code="4">0</subfield>
    <subfield code="7">0</subfield>
    <subfield code="a">SEACOMEC</subfield>
    <subfield code="b">SEACOMEC</subfield>
    <subfield code="d">2007-03-06</subfield>
    <subfield code="l">0</subfield>
    <subfield code="o">539.7 G427</subfield>
    <subfield code="p">6219</subfield>
    <subfield code="r">2024-07-22 15:29:50</subfield>
    <subfield code="t">3</subfield>
    <subfield code="w">2024-07-22</subfield>
    <subfield code="y">BOOK</subfield>
  </datafield>
  <datafield tag="952" ind1=" " ind2=" ">
    <subfield code="0">0</subfield>
    <subfield code="1">0</subfield>
    <subfield code="2">ddc</subfield>
    <subfield code="4">0</subfield>
    <subfield code="7">0</subfield>
    <subfield code="a">SEACOMEC</subfield>
    <subfield code="b">SEACOMEC</subfield>
    <subfield code="d">2007-03-06</subfield>
    <subfield code="l">0</subfield>
    <subfield code="o">539.7 G427</subfield>
    <subfield code="p">6220</subfield>
    <subfield code="r">2024-07-22 15:29:50</subfield>
    <subfield code="t">4</subfield>
    <subfield code="w">2024-07-22</subfield>
    <subfield code="y">BOOK</subfield>
  </datafield>
  <datafield tag="952" ind1=" " ind2=" ">
    <subfield code="0">0</subfield>
    <subfield code="1">0</subfield>
    <subfield code="2">ddc</subfield>
    <subfield code="4">0</subfield>
    <subfield code="7">0</subfield>
    <subfield code="a">SEACOMEC</subfield>
    <subfield code="b">SEACOMEC</subfield>
    <subfield code="d">2007-03-06</subfield>
    <subfield code="l">0</subfield>
    <subfield code="o">539.7 G427</subfield>
    <subfield code="p">6221</subfield>
    <subfield code="r">2024-07-22 15:29:50</subfield>
    <subfield code="t">5</subfield>
    <subfield code="w">2024-07-22</subfield>
    <subfield code="y">BOOK</subfield>
  </datafield>
  <datafield tag="952" ind1=" " ind2=" ">
    <subfield code="0">0</subfield>
    <subfield code="1">0</subfield>
    <subfield code="2">ddc</subfield>
    <subfield code="4">0</subfield>
    <subfield code="7">0</subfield>
    <subfield code="a">SEACOMEC</subfield>
    <subfield code="b">SEACOMEC</subfield>
    <subfield code="d">2007-03-06</subfield>
    <subfield code="l">0</subfield>
    <subfield code="o">539.7 G427</subfield>
    <subfield code="p">6222</subfield>
    <subfield code="r">2024-07-22 15:29:50</subfield>
    <subfield code="t">6</subfield>
    <subfield code="w">2024-07-22</subfield>
    <subfield code="y">BOOK</subfield>
  </datafield>
  <datafield tag="952" ind1=" " ind2=" ">
    <subfield code="0">0</subfield>
    <subfield code="1">0</subfield>
    <subfield code="2">ddc</subfield>
    <subfield code="4">0</subfield>
    <subfield code="7">0</subfield>
    <subfield code="a">SEACOMEC</subfield>
    <subfield code="b">SEACOMEC</subfield>
    <subfield code="d">2007-03-06</subfield>
    <subfield code="l">0</subfield>
    <subfield code="o">539.7 G427</subfield>
    <subfield code="p">6223</subfield>
    <subfield code="r">2024-07-22 15:29:50</subfield>
    <subfield code="t">7</subfield>
    <subfield code="w">2024-07-22</subfield>
    <subfield code="y">BOOK</subfield>
  </datafield>
  <datafield tag="999" ind1=" " ind2=" ">
    <subfield code="c">1455</subfield>
    <subfield code="d">1455</subfield>
  </datafield>
</record>
